000 00606nam a22002297a 4500
001 14012
003 CO-MdFUSB
005 20180622072730.0
008 170524t2001 bl ||||| |||| 00| 0 por d
040 _aCO-MdFUSB
_bspa
_cCO-MdFUSB
_dCO-MdFUSBC
_erda
041 0 _apor
082 0 4 _aG 220.68 C51811n
100 1 _aChen, Christian
_eautor
245 3 _aOs números na Bíblia
_c/ Christian Chen
250 _a3
264 4 _aBelo Horizonte :
_bTesouro Aberto,
_c©2001
300 _a221 Pág.
336 _2rdacontent
_a1
_ba1
337 _2rdamedia
_a2
_b5
338 _2rdacarrier
_a2
_b5
942 _cBK
999 _c42930
_d42930